000 00318nam a22001457a 4500
008 210426b ||||| |||| 00| 0 eng d
020 _a0520041755
041 _aeng
080 _a316
082 _2
_a316
100 _a50
101 _aSOC
245 _aIntroduction to Critical Theory
_cHeld,D
942 _2udc
_cBK
999 _c56731
_d56731